Comparative Study of Child Soldiering on Myanmar-China Border : Evolutions, Challenges and Countermeasures /

Uloženo v:
Podrobná bibliografie
Hlavní autor: Chen, Kai (autor)
Médium: Kniha
Jazyk:angličtina
Vydáno: Singapur : Springer, 2014, c2014
Edice:(Springer Briefs in Criminology)
Témata:
On-line přístup:Ver documento en línea
Tagy: Přidat tag
Žádné tagy, Buďte první, kdo vytvoří štítek k tomuto záznamu!

MARC

LEADER 00000nam^a2200000^a^4500
001 000420395
005 20251023000000.0
009 20260310122509.04
020 |a 978-981-4560-02-3 
037 |a Acervo ITESO - Biblioteca 
041 |a ING 
082 |a 305. 906944  |b CHE 
100 |a Chen, Kai  |e (autor) 
245 1 0 |a Comparative Study of Child Soldiering on Myanmar-China Border :  |b Evolutions, Challenges and Countermeasures /  |c K. Chen. 
264 4 |a Singapur :  |b Springer,  |c 2014, c2014 
264 2 |a Cham, Suiza :  |b Springer Link [distribución],  |c 2014 
300 |a 1 libro electrónico en línea (XII, 97 p.) 
300 |a 1 recurso en línea 
336 |a datos para computadora  |b cod  |2 rdacontenido 
337 |a computadora  |b c  |2 rdamedio 
338 |a recurso en línea  |b cr  |2 rdasoporte 
440 1 |a (Springer Briefs in Criminology) 
506 0 |a Licencias ilimitadas 
649 |a XX 
650 |a Niños Soldados -  |z Myanmar -  |x Tema Principal 
650 |a Criminología 
650 |a Guerra y Paz 
650 |a Relaciones Internacionales -  |z China-Myanmar 
650 |a Política Exterior -  |z Myanmar 
650 |a Política Exterior -  |z China 
650 |a Política Internacional 
856 4 0 |u https://link-springer-com.ezproxy.iteso.mx/10.1007/978-981-4560-02-3  |y Ver documento en línea 
910 |a Fondo General 
920 |a Electrónicos - Libros en Línea 
930 |a Plataforma Digital 
905 |a 205 
901 |a 420395-1  |b IT2  |c EBO  |i C172346  |u 20250521 
902 |a https://opac.biblio.iteso.mx/vufind/Record/000420395